[Event "German Bundesliga 2021-22"]
[Site "Germany"]
[Date "2022.03.06"]
[Round "2.3"]
[White "Braun, Arik"]
[Black "Vogel, Roven"]
[Result "1-0"]
[WhiteElo "2587"]
[BlackElo "2452"]
[Annotator "TA"]
[PlyCount "87"]
[EventDate "2022.03.05"]
[EventType "team-tourn"]
[EventCountry "GER"]
[SourceTitle "playchess.com"]
[Source "ChessBase"]
[SourceQuality "1"]

{[%evp 13,87,28,29,20,31,33,16,-20,-19,-29,20,-23,-25,-2,-19,-29,0,-8,0,0,0,0,30,30,30,30,30,30,30,30,30,30,30,30,30,22,69,62,125,136,106,109,89,72,180,150,215,185,614,547,29977,29978,29978,29979,29979,29980,29980,29981,29981,29982,6557,6613,6215,6251,5065,5065,29991,1023,29995,29995,29995,29995,29995,29996,29996,29996]} 1. d4 d5 2. Nf3 Nf6 3. e3 Bf5 4. c4 c6 5. Nc3 e6 6. Nh4 Bg6 7. Nxg6 hxg6 8. a3 {D12: Slav Defence: 3 Nf3 Nf6 4 e3 Bf5.} Nbd7 9. g3 Bd6 10. Bg2 $5 {[%mdl 4] The position is equal. Exploring less charted territory.} dxc4 {[#]} 11. f4 $146 ({Predecessor:} 11. Qe2 Nb6 12. e4 Be7 13. Be3 Qc7 14. Rd1 O-O 15. h4 Rad8 16. Bf4 Qc8 17. Kf1 {½-½ (57) Milov,V (2681)-Malakhatko,V (2633) Bastia/Ajaccio 2008}) 11... Nd5 (11... Qb6 {is superior.}) 12. e4 (12. Qe2 $1 {might be stronger.}) 12... Nxc3 $11 13. bxc3 Qa5 14. Qc2 Be7 15. O-O Nb6 16. a4 $1 Rd8 17. h4 f6 18. Bd2 {[%mdl 1024] White has compensation.} Kf7 19. Bh3 f5 20. Rfe1 Bf6 21. Bg2 {[%cal Bh3g2,Bg2f3,Bf3e4][%mdl 32]} Rd7 22. Bf3 Rdd8 23. Kg2 Rd7 24. Qd1 fxe4 (24... Ke8 $11) 25. Bxe4 $14 Rh6 ({Black should play} 25... c5 $14) 26. Qe2 $16 {[%cal Oe4c6] Black must now prevent Bxc6!} Re7 27. Bf3 Rh8 28. Rh1 c5 (28... Ree8 $16 {was called for.}) 29. h5 $18 {Strongly threatening hxg6+.} gxh5 (29... Ke8 $16) 30. Bxh5+ (30. Rxh5 Rxh5 31. Bxh5+ g6 32. Bxg6+ Kxg6 $11) 30... g6 $2 {[#]} (30... Kf8) 31. Bxg6+ $1 {[%mdl 512]} Kxg6 (31... Kf8 32. Rxh8+) 32. Rxh8 Bxh8 33. f5+ Kf7 34. Qh5+ Kg8 35. Qg5+ Kf8 36. fxe6 Rxe6 37. Rf1+ Ke8 38. Qg8+ Kd7 39. Rf7+ Kc6 40. Qd8 (40. d5+ $142 Nxd5 41. Qc8+ Kd6 42. Rd7+ Ke5 43. Qxh8+ Nf6 44. Qg7 Rd6 45. Bf4+ Ke6 46. Rxd6+ Kf5 47. Qxf6+ Kg4 48. Qg6#) 40... Rd6 41. Qc7+ {White mates.} Kd5 42. Qxb7+ Ke6 43. Re7+ Kf6 44. Rh7 {Weighted Error Value: White=0.04 (flawless) /Black=0.47} 1-0

[Event "German Bundesliga 2021-22"]
[Site "Germany"]
[Date "2022.03.06"]
[Round "2.3"]
[White "Alonso Rosell, Alvar"]
[Black "Richter, Michael"]
[Result "1/2-1/2"]
[WhiteElo "2570"]
[BlackElo "2496"]
[Annotator "ChessBase"]
[PlyCount "103"]
[EventDate "2022.03.05"]
[EventType "team-tourn"]
[EventCountry "GER"]
[SourceTitle "playchess.com"]
[Source "ChessBase"]
[SourceQuality "1"]
[TimeControl "40/5400+30:1800+30"]

1. d4 {[%emt 0:00:00]} d5 {[%emt 0:00:00]} 2. c4 {[%emt 0:00:00]} dxc4 {[%emt 0:00:00]} 3. Nf3 {[%emt 0:00:00]} a6 {[%emt 0:00:00]} 4. e3 {[%emt 0:00:00]} b5 {[%emt 0:00:00]} 5. a4 {[%emt 0:00:00]} Bb7 {[%emt 0:00:00]} 6. b3 {[%emt 0:00:00]} e6 {[%emt 0:00:00]} 7. bxc4 {[%emt 0:00:00]} bxc4 {[%emt 0:00:00]} 8. Bxc4 {[%emt 0:01:43]} Nf6 {[%emt 0:00:00]} 9. Nbd2 {[%emt 0:18:33]} c5 {[%emt 0:00:00]} 10. O-O {[%emt 0:09:29]} Nbd7 {[%emt 0:00:00]} 11. Ba3 {[%emt 0:12:15]} Be7 {[%emt 0:00:00]} 12. Be2 {[%emt 0:13:49]} cxd4 {[%emt 0:01:37]} 13. Bxe7 {[%emt 0:01:09]} Qxe7 {[%emt 0:00:09]} 14. Nxd4 {[%emt 0:00:22]} O-O {[%emt 0:00:29]} 15. Bf3 {[%emt 0:07:28]} Nd5 {[%emt 0:09:28]} 16. Qb3 {[%emt 0:05:13]} Rab8 {[%emt 0:04:39]} 17. Rab1 {[%emt 0:10:52]} Ba8 {[%emt 0:05:52]} 18. Qc4 {[%emt 0:02:32]} a5 {[%emt 0:26:50]} 19. Qa6 {[%emt 0:04:04]} Rxb1 {[%emt 0:16:48]} 20. Rxb1 {[%emt 0:00:06]} Nc3 {[%emt 0:00:25]} 21. Ra1 {[%emt 0:01:55]} Bxf3 {[%emt 0:07:11]} 22. N2xf3 {[%emt 0:00:09]} Qb4 {[%emt 0:01:34]} 23. Nc6 {[%emt 0:06:28]} Qb2 {[%emt 0:00:44]} 24. Rf1 {[%emt 0:02:16]} Nxa4 {[%emt 0:17:05]} 25. Qxa5 {[%emt 0:00:18]} Nac5 {[%emt 0:02:03]} 26. Qc7 {[%emt 0:00:28]} h6 {[%emt 0:02:22]} 27. h3 {[%emt 0:01:48]} Qb6 {[%emt 0:04:00]} 28. Qxb6 {[%emt 0:02:32]} Nxb6 {[%emt 0:00:06]} 29. Rc1 {[%emt 0:00:06]} Ncd7 {[%emt 0:01:35]} 30. Nfd4 {[%emt 0:00:14]} Kh7 {[%emt 0:00:35]} 31. Nb5 {[%emt 0:00:18]} Ra8 {[%emt 0:01:30]} 32. Nd6 {[%emt 0:01:01]} f6 {[%emt 0:00:29]} 33. Nd4 {[%emt 0:00:54]} e5 {[%emt 0:00:14]} 34. N4b5 {[%emt 0:00:38]} h5 {[%emt 0:01:01]} 35. g4 {[%emt 0:00:22]} hxg4 {[%emt 0:00:10]} 36. hxg4 {[%emt 0:00:01]} Ra4 {[%emt 0:00:38]} 37. e4 {[%emt 0:01:20]} Rb4 {[%emt 0:00:47]} 38. Nc7 {[%emt 0:00:33]} Nf8 {[%emt 0:00:29]} 39. f3 {[%emt 0:00:23]} Rb2 {[%emt 0:00:29]} 40. Nf5 {[%emt 0:00:35]} g6 {[%emt 0:00:37]} 41. Ne3 {[%emt 0:00:00]} Kh6 {[%emt 0:00:00]} 42. Rc2 {[%emt 0:00:00]} Rxc2 {[%emt 0:00:00]} 43. Nxc2 {[%emt 0:00:00]} Nc4 {[%emt 0:00:00]} 44. Kf2 {[%emt 0:00:00]} f5 {[%emt 0:00:00]} 45. gxf5 {[%emt 0:00:00]} gxf5 {[%emt 0:00:00]} 46. exf5 {[%emt 0:00:00]} Kg5 {[%emt 0:00:00]} 47. Ne6+ {[%emt 0:00:00]} Nxe6 {[%emt 0:00:00]} 48. fxe6 {[%emt 0:00:00]} Kf6 {[%emt 0:00:00]} 49. Ne3 {[%emt 0:00:00]} Nxe3 {[%emt 0:00:00]} 50. Kxe3 {[%emt 0:00:00]} Kxe6 {[%emt 0:00:00]} 51. f4 {[%emt 0:00:00]} exf4+ {[%emt 0:00:00]} 52. Kxf4 {[%emt 0:00:00]} 1/2-1/2

[Event "German Bundesliga 2021-22"]
[Site "Germany"]
[Date "2022.03.16"]
[Round "2.3"]
[White "Khenkin, Igor"]
[Black "Orlov, Andrey"]
[Result "1/2-1/2"]
[WhiteElo "2509"]
[BlackElo "2490"]
[Annotator "TA"]
[PlyCount "67"]
[EventDate "2022.03.05"]
[EventType "team-tourn"]
[EventCountry "GER"]

{[%evp 22,67,17,3,24,19,12,14,22,14,24,14,21,0,0,0,9,13,16,9,16,13,10,14,17,17,25,5,17,3,3,3,3,3,3,3,4,3,7,3,10,0,0,0,2,3,9,9]} 1. d4 Nf6 2. c4 e6 3. Nf3 d5 4. Nc3 Bb4 5. Bg5 h6 6. Bxf6 Qxf6 7. Qb3 c5 8. cxd5 exd5 9. e3 O-O 10. dxc5 Bxc3+ 11. Qxc3 Qxc3+ 12. bxc3 Nd7 {D38: Queen's Gambit Declined: Ragozin Defence (4 Nf3 Bb4).} 13. Rd1 Nf6 $1 {[%mdl 4] is now more promising than 13...Nxc5.} 14. Nd4 Bd7 15. f3 Rfc8 16. Nb3 Kf8 {[#]} 17. Kd2 $146 ({Predecessor:} 17. Bd3 b6 18. cxb6 axb6 19. Ra1 Rxc3 20. Kd2 Rc7 21. Rhb1 Ba4 22. Nd4 Nd7 23. Rb4 {½-½ (35) Ding,L (2801)-Giri,A (2776) Kolkata 2019}) 17... Ba4 18. Rb1 Bxb3 19. axb3 {[%cal Ba2b3,Bb3b4][%mdl 32]} Rxc5 20. Ra1 a6 ({Don't take} 20... Rac8 21. Rxa7 b5 22. Bd3 $14 (22. b4 Rxc3 23. Bd3 Rb3 $11)) 21. Bd3 Rac8 22. Rhc1 h5 23. b4 R5c6 24. Ra5 Ke7 {The position is equal.} 25. b5 Rc5 26. Rca1 Rxc3 27. bxa6 bxa6 28. Rxa6 R8c7 29. Ra7 R3c5 30. R1a6 g6 31. Rxc7+ Rxc7 32. Bb1 Rb7 33. Bc2 Ne8 34. Ra5 {A balanced but interesting game.  Weighted Error Value: White=0.04 (flawless) /Black=0.04 (flawless)} 1/2-1/2

[Event "German Bundesliga 2021-22"]
[Site "Germany"]
[Date "2022.03.06"]
[Round "2.4"]
[White "Kollars, Dmitrij"]
[Black "Edouard, Romain"]
[Result "1/2-1/2"]
[WhiteElo "2635"]
[BlackElo "2591"]
[Annotator "TA"]
[PlyCount "42"]
[EventDate "2022.03.05"]
[EventType "team-tourn"]
[EventCountry "GER"]
[SourceTitle "playchess.com"]
[Source "ChessBase"]
[SourceQuality "1"]

{[%evp 16,42,36,28,49,33,46,52,83,20,21,0,16,17,24,24,35,13,52,39,93,87,86,87,85,77,83,46,47]} 1. e4 c5 2. c3 d5 3. exd5 Qxd5 4. d4 Nf6 5. Nf3 e6 6. Na3 Be7 7. Nb5 Na6 8. Be2 {8.Be3 is vanishing.} O-O 9. O-O Qd8 {B22: Sicilian: 2 c3.} 10. Bf4 Nd5 11. Bg3 cxd4 12. Qxd4 {[#]} ({White should play} 12. Nbxd4 $16 {Black must now prevent Bxa6.} Nc5 13. Qc2) 12... Bd7 $146 ({Predecessor:} 12... Qb6 13. c4 Qxd4 14. Nfxd4 Nf6 15. Bf3 Ne8 16. Rfe1 g6 17. Rad1 Nc5 18. a3 a6 {1-0 (56) Rosino,A (2245)-Taylor,R (2027) Dresden 2010}) 13. Ne5 Be8 (13... Bxb5 $5 14. Bxb5 Nc5 $11) 14. c4 ({Don't go for} 14. Nxa7 $2 Bc5 15. Qd2 Bxa7 $19) 14... Bxb5 15. cxb5 Nac7 16. a4 Bd6 17. Rfd1 (17. Bf3 {looks sharper.} Qf6 18. Rfe1 Rfd8 19. Rac1 Qe7 20. Red1) 17... f6 ({Black should try} 17... Qe7 $14) 18. Nc4 $16 {White is more active.} Bxg3 19. hxg3 b6 20. Bf3 Qe7 21. Rd2 Rad8 {Weighted Error Value: White=0.18 (very precise) /Black=0.17 (very precise)} 1/2-1/2

[Event "German Bundesliga 2021-22"]
[Site "Germany"]
[Date "2022.03.06"]
[Round "2.4"]
[White "Druska, Juraj"]
[Black "Wagner, Dennis"]
[Result "1/2-1/2"]
[WhiteElo "2505"]
[BlackElo "2584"]
[Annotator "TA"]
[PlyCount "33"]
[EventDate "2022.03.05"]
[EventType "team-tourn"]
[EventCountry "GER"]
[SourceTitle "playchess.com"]
[Source "ChessBase"]
[SourceQuality "1"]

{[%evp 13,33,8,10,-5,0,0,0,0,23,5,43,28,39,24,49,33,40,0,0,0,68,0]} 1. e4 c5 2. c3 d5 3. exd5 Qxd5 4. d4 Nf6 5. Nf3 e6 6. Na3 {[%cal Bb1a3,Ba3b5,Bb5d4][%mdl 32]} Nc6 7. Be2 {7.Be3 is a critical line.} Qd8 8. O-O {B22: Sicilian: 2 c3.} cxd4 9. Nb5 {[%cal Rb5d4]} Bc5 10. Nfxd4 {The position is equal.} Nxd4 11. Nxd4 {[#]} h6 $146 ({Predecessor:} 11... O-O 12. Nb3 Bd6 13. Bg5 Qc7 14. g3 Ne4 15. Be3 Rd8 16. Qc2 Nf6 17. Bf3 e5 {½-½ (17) Pavasovic,D (2566)-Landa,K (2609) Trieste 2005}) 12. Bf4 O-O 13. Be5 Nd7 14. Bg3 Nf6 15. Be5 Nd7 16. Bg3 Nf6 $1 17. Be5 {Weighted Error Value: White=0.08 (flawless) /Black=0.06 (flawless)} (17. Nb3 $1 $14 Be7 18. Qxd8 Rxd8 19. Bf3) 1/2-1/2

[Event "German Bundesliga 2021-22"]
[Site "Germany"]
[Date "2022.03.06"]
[Round "2.4"]
[White "Bruedigam, Martin"]
[Black "Georgiadis, Nico"]
[Result "0-1"]
[WhiteElo "2386"]
[BlackElo "2562"]
[Annotator "ChessBase"]
[PlyCount "134"]
[EventDate "2022.03.05"]
[EventType "team-tourn"]
[EventCountry "GER"]
[SourceTitle "playchess.com"]
[Source "ChessBase"]
[SourceQuality "1"]
[TimeControl "40/5400+30:1800+30"]

1. e4 {[%emt 0:00:00]} c5 {[%emt 0:00:00]} 2. Nf3 {[%emt 0:00:00]} d6 {[%emt 0:00:00]} 3. Bb5+ {[%emt 0:00:00]} Nd7 {[%emt 0:00:00]} 4. d4 {[%emt 0:00:00]} cxd4 {[%emt 0:00:00]} 5. Qxd4 {[%emt 0:00:00]} a6 {[%emt 0:00:00]} 6. Bxd7+ {[%emt 0:00:00]} Bxd7 {[%emt 0:00:00]} 7. O-O {[%emt 0:00:00]} Rc8 {[%emt 0:00:00]} 8. c4 {[%emt 0:00:00]} Bg4 {[%emt 0:00:00]} 9. Qd3 {[%emt 0:11:12]} Bxf3 {[%emt 0:08:04]} 10. Qxf3 {[%emt 0:00:05]} Rxc4 {[%emt 0:01:38]} 11. Qb3 {[%emt 0:25:45]} Qc7 {[%emt 0:07:03]} 12. Be3 {[%emt 0:07:10]} e6 {[%emt 0:23:05]} 13. Na3 {[%emt 0:03:10]} Rc6 {[%emt 0:04:00]} 14. Rac1 {[%emt 0:01:21]} Ne7 {[%emt 0:03:13]} 15. Nc4 {[%emt 0:09:16]} d5 {[%emt 0:11:24]} 16. Nb6 {[%emt 0:07:21]} d4 {[%emt 0:03:07]} 17. Rxc6 {[%emt 0:13:30]} Nxc6 {[%emt 0:00:07]} 18. Bd2 {[%emt 0:00:07]} Bd6 {[%emt 0:05:55]} 19. h3 {[%emt 0:00:25]} O-O {[%emt 0:00:28]} 20. Nc4 {[%emt 0:00:40]} Bh2+ {[%emt 0:10:18]} 21. Kh1 {[%emt 0:00:04]} b5 {[%emt 0:00:07]} 22. Rc1 {[%emt 0:09:41]} Bf4 {[%emt 0:00:46]} 23. Qf3 {[%emt 0:02:26]} Bxd2 {[%emt 0:03:42]} 24. Nxd2 {[%emt 0:00:05]} Qd6 {[%emt 0:00:05]} 25. Qd3 {[%emt 0:01:46]} Rd8 {[%emt 0:01:17]} 26. Kg1 {[%emt 0:01:31]} h6 {[%emt 0:01:27]} 27. a3 {[%emt 0:01:29]} Ne5 {[%emt 0:00:15]} 28. Qc2 {[%emt 0:00:56]} d3 {[%emt 0:00:29]} 29. Qc3 {[%emt 0:00:54]} h5 {[%emt 0:05:56]} 30. h4 {[%emt 0:01:46]} Kh7 {[%emt 0:07:23]} 31. g3 {[%emt 0:00:20]} Rd7 {[%emt 0:01:00]} 32. Kf1 {[%emt 0:01:35]} f6 {[%emt 0:00:59]} 33. Qc5 {[%emt 0:01:42]} Kg6 {[%emt 0:01:56]} 34. Qxd6 {[%emt 0:01:36]} Rxd6 {[%emt 0:00:03]} 35. Ke1 {[%emt 0:00:05]} Rd4 {[%emt 0:01:34]} 36. b3 {[%emt 0:00:50]} Rd6 {[%emt 0:01:59]} 37. f4 {[%emt 0:01:23]} Nc6 {[%emt 0:00:38]} 38. Rc3 {[%emt 0:00:35]} e5 {[%emt 0:00:29]} 39. f5+ {[%emt 0:00:18]} Kf7 {[%emt 0:00:23]} 40. Kf2 {[%emt 0:00:12]} b4 {[%emt 0:00:57]} 41. axb4 {[%emt 0:00:00]} Nxb4 {[%emt 0:00:00]} 42. Rc7+ {[%emt 0:00:00]} Kg8 {[%emt 0:00:00]} 43. Rc4 {[%emt 0:03:00]} Nc2 {[%emt 0:00:00]} 44. Rc8+ {[%emt 0:06:50]} Kh7 {[%emt 0:00:00]} 45. Rc7 {[%emt 0:04:59]} Kh6 {[%emt 0:00:00]} 46. Rc5 {[%emt 0:05:32]} g6 {[%emt 0:00:00]} 47. Rd5 {[%emt 0:02:10]} Rxd5 {[%emt 0:00:00]} 48. exd5 {[%emt 0:00:06]} gxf5 {[%emt 0:00:00]} 49. d6 {[%emt 0:00:04]} Nb4 {[%emt 0:00:00]} 50. d7 {[%emt 0:00:06]} Nc6 {[%emt 0:00:00]} 51. Nc4 {[%emt 0:00:05]} Kg6 {[%emt 0:16:40]} 52. Nd6 {[%emt 0:00:04]} Nd8 {[%emt 0:00:04]} 53. Ke3 {[%emt 0:07:54]} e4 {[%emt 0:00:05]} 54. Kd2 {[%emt 0:00:19]} f4 {[%emt 0:01:49]} 55. Nxe4 {[%emt 0:05:33]} f5 {[%emt 0:03:50]} 56. Nc3 {[%emt 0:00:38]} fxg3 {[%emt 0:00:15]} 57. Kxd3 {[%emt 0:00:08]} g2 {[%emt 0:01:46]} 58. Ne2 {[%emt 0:00:15]} Kf6 {[%emt 0:00:05]} 59. Ke3 {[%emt 0:00:13]} Ke7 {[%emt 0:01:04]} 60. Kf2 {[%emt 0:00:53]} Ne6 {[%emt 0:00:53]} 61. Kxg2 {[%emt 0:01:15]} Kxd7 {[%emt 0:00:10]} 62. Kf3 {[%emt 0:01:34]} Kd6 {[%emt 0:00:52]} 63. Nf4 {[%emt 0:00:24]} Nxf4 {[%emt 0:02:02]} 64. Kxf4 {[%emt 0:00:04]} Ke6 {[%emt 0:00:04]} 65. Kg5 {[%emt 0:00:05]} Ke5 {[%emt 0:00:03]} 66. Kxh5 {[%emt 0:00:05]} f4 {[%emt 0:00:04]} 67. Kg4 {[%emt 0:00:52]} Ke4 {[%emt 0:00:04]} 0-1

[Event "German Bundesliga 2021-22"]
[Site "Germany"]
[Date "2022.03.16"]
[Round "2.5"]
[White "Dziuba, Marcin"]
[Black "Levin, Felix"]
[Result "1-0"]
[WhiteElo "2568"]
[BlackElo "2456"]
[Annotator "TA"]
[PlyCount "97"]
[EventDate "2022.03.05"]
[EventType "team-tourn"]
[EventCountry "GER"]

{[%evp 26,97,15,2,0,0,18,8,11,20,49,47,47,47,43,33,108,108,108,105,112,110,155,155,186,186,186,186,186,178,186,146,140,106,115,104,207,127,193,202,191,125,240,186,258,258,258,258,258,258,258,258,258,258,258,258,281,258,258,258,382,382,353,314,464,448,522,453,457,427,443,442,406,402]} 1. d4 d5 2. c4 e6 3. Nf3 Nf6 4. Nc3 c5 5. cxd5 Nxd5 6. e4 Nxc3 7. bxc3 cxd4 8. cxd4 Bb4+ 9. Bd2 Bxd2+ 10. Qxd2 O-O 11. Bc4 Nd7 12. O-O b6 13. Rad1 Bb7 14. Rfe1 Rc8 {D41: Queen's Gambit Declined: Semi-Tarrasch with 5 cxd5.} 15. Bb3 h6 16. Re3 Re8 {The position is equal.} 17. h3 Qc7 18. d5 exd5 19. exd5 {Threatens to win with d6.} Rxe3 20. Qxe3 {aiming for Qe7.} Qc5 {To avoid Qe7} ({Black should try} 20... Qd6 $14) 21. Qf4 $1 $16 Nf6 {[%cal Rb7d5]} 22. d6 Bxf3 23. Qxf3 Rd8 (23... Rb8 $142) 24. Qb7 {[%csl LRa7,LRf7] [#]} Rf8 $146 ({Predecessor:} 24... Rd7 25. Qb8+ Kh7 26. Qf8 Ne4 27. Qe8 Qxf2+ 28. Kh1 Nf6 29. Qe5 a6 30. a4 Qh4 {0-1 (73) Nihal,S (2620)-Sarana,A (2654) Chess.com INT 2020}) 25. Ba4 {[%cal Bb3a4,Ba4c6,Bc6f3,Bf3b7][%mdl 32] Inhibits b5.} (25. Qxa7 Ne4 $11) (25. d7 Rd8 $16) 25... g5 26. g3 (26. Qxa7 Ne4 27. d7 Nxf2 $11) ({Resist} 26. d7 Rd8 27. Bc6 (27. Qxa7 Ne4 $14) 27... Qc2) 26... Kg7 27. Bc6 ({Inferior is} 27. Qxa7 Ne4 28. Rf1 Nxg3 $17) 27... Rd8 {[#]} 28. Qe7 Rf8 29. Bf3 {White is much more active.} b5 30. Kg2 a5 (30... Re8 $2 31. Qxe8 $3 {[%mdl 512]} Nxe8 32. d7 $18) (30... b4 $16 {is a better defense.}) 31. Bb7 {Qc7 is the strong threat.} b4 {[#]} (31... Qc2 $16 32. Bf3 Qc5) 32. Qc7 $1 $18 Qe5 {[#]} 33. Qb6 (33. Bc6 $1 $18) 33... Qf5 (33... Nd7 $16 34. Qa7 Qc5 35. Qxc5 Nxc5) 34. Rd2 Rb8 (34... Ne4 {was called for.}) 35. d7 Nxd7 36. Qc7 Rxb7 37. Qxb7 {[%mdl 4096] Endgame KQR-KQN} Nf6 38. Qf3 Qe5 39. Qc6 Qf5 40. Qc4 Qe5 41. Qd4 Qe6 42. Rc2 Qa6 (42... Kg6 $142 43. Rc7 Kg7) 43. Rc7 Qa8+ 44. Kg1 Qf3 (44... Qa6 {was necessary.} 45. Qc4 Qxc4 46. Rxc4 Kg6) 45. Rc5 Qb7 46. Qc4 Qe7 47. Rc7 Qe8 48. Ra7 Kg6 49. Kg2 {Weighted Error Value: White=0.09 (flawless) /Black=0.23 (precise)} 1-0

[Event "German Bundesliga 2021-22"]
[Site "Germany"]
[Date "2022.03.06"]
[Round "2.5"]
[White "Babula, Vlastimil"]
[Black "Kozul, Zdenko"]
[Result "1/2-1/2"]
[WhiteElo "2558"]
[BlackElo "2619"]
[Annotator "TA"]
[PlyCount "126"]
[EventDate "2022.03.05"]
[EventType "team-tourn"]
[EventCountry "GER"]
[SourceTitle "playchess.com"]
[Source "ChessBase"]
[SourceQuality "1"]

{[%evp 24,126,28,17,25,13,20,-29,-4,0,-28,-63,-58,-64,-61,-44,-25,-87,0,0,0,0,0,-10,64,0,0,0,0,0,13,-10,-8,-13,8,0,16,0,0,0,0,-44,-32,-46,0,0,0,0,23,36,36,36,32,22,24,6,16,14,16,16,16,16,16,0,0,0,0,0,0,0,0,0,0,0,0,0,0,0,0,0,0,0,0,0,0,0,0,0,0,0,0,0,0,0,0,0,29973,0,0,0,0,0,0,0,0]} 1. d4 Nf6 2. c4 g6 3. Nc3 Bg7 4. e4 d6 5. Nf3 O-O 6. Be2 e5 7. O-O Nc6 8. d5 Ne7 9. b4 a5 10. Ba3 axb4 11. Bxb4 b6 12. a4 Ne8 13. Qb3 Kh8 {E97: King's Indian: Classical Main Line (6...e5 7 0-0 Nc6): 8 Be3 and 8 d5 Ne7, not 9 Ne1.} 14. Nb5 f5 15. a5 {[#]} (15. Nd2 {feels stronger.}) 15... c6 $146 {Black has an edge.} ({Predecessor:} 15... bxa5 16. Rxa5 Rxa5 17. Bxa5 fxe4 18. Nd2 Nf5 19. Nxe4 Nd4 20. Nxd4 exd4 21. Nd2 Qe7 {1-0 (47) Steamboat,B (2168)-Tsiapouris,M (1671) IECC email 2009}) 16. dxc6 Nxc6 17. axb6 Rxa1 18. Rxa1 fxe4 19. Nd2 Bb7 ({Don't do} 19... Qh4 20. g3 Qd8 21. Nxe4 Nxb4 22. Ra8 (22. Qxb4 Qxb6 23. Rb1 Qa6 $16) 22... Qxb6 23. Rxc8 $16) 20. Rf1 (20. Nf1 $1 $11 {keeps the balance.}) 20... Nd4 ({Don't play} 20... Qxb6 21. Bxd6 Nd4 22. Nxd4 Qxb3 23. N2xb3 $14) (20... Nxb4 $17 21. Qxb4 e3 22. fxe3 Qg5 23. Rxf8+ Bxf8) 21. Nxd4 $1 exd4 22. c5 d3 23. Bd1 Nf6 (23... Qg5 $11 24. c6 Bxc6) 24. cxd6 (24. Nc4 $1 $14) 24... Bd5 25. Qa3 {aiming for Bc5.} Qxb6 26. Bc5 $1 Qb7 (26... Qb5 $5 {[%cal Rf8a8]}) 27. Bb3 Ra8 28. Bxd5 Qxd5 29. Qb4 Kg8 30. Re1 {[%cal Bf1e1,Be1e4,Be4c4][%mdl 32]} Rd8 31. h3 ({Avoid the trap} 31. Nxe4 $2 Nxe4 32. Be3 Bc3 $19) 31... Bf8 {[%cal Rf8d6]} 32. Qc3 {[#]} (32. Qd4 $1 $11 {deserves consideration.} Qxd4 33. Bxd4) 32... Bxd6 $1 $15 33. Bd4 {[#]} Nh5 (33... Qxd4 $1 $15 {might be stronger.} 34. Qxd4 {[#]} Bh2+ $1 35. Kxh2 Rxd4) 34. Rxe4 $11 Nf4 {[%cal Bh5f4,Bf4e2,Be2c3][%mdl 32] And now ...Ne2+ would win.} 35. Kf1 Bb8 36. Be3 Ne2 37. Qc4 Qxc4 38. Rxc4 Be5 39. g3 Nc3 40. Nf3 Bg7 41. Ke1 Nd5 42. Kd2 Rf8 43. Nd4 Nxe3 44. fxe3 {[%mdl 4096] Endgame KRB-KRN} Be5 45. g4 Bxd4 46. exd4 {KR-KR} Rf3 47. d5 {Threatens to win with Rc7.} Kf7 48. Re4 Rxh3 49. d6 Rh2+ 50. Kxd3 Rh1 51. Kc4 {Hoping for g5.} Rd1 52. Kc5 h6 53. Kc6 Kf6 54. d7 {Black must now prevent Re8.} Rc1+ 55. Kb7 Rd1 56. Kc7 {[%cal Oe4e1] Strongly threatening Re1!} Rc1+ 57. Kd8 Rd1 {Prevents Rd4.} 58. Ke8 h5 59. d8=Q+ Rxd8+ 60. Kxd8 Kg5 $1 {The position is equal.} 61. gxh5 gxh5 62. Ke7 {Re5+ would kill now.} h4 63. Rxh4 Kxh4 {Weighted Error Value: White=0.08 (flawless) /Black=0.08 (flawless)} 1/2-1/2

[Event "German Bundesliga 2021-22"]
[Site "Germany"]
[Date "2022.03.06"]
[Round "2.5"]
[White "Dragnev, Valentin"]
[Black "Fruebing, Stefan"]
[Result "1-0"]
[WhiteElo "2533"]
[BlackElo "2374"]
[Annotator "ChessBase"]
[PlyCount "95"]
[EventDate "2022.03.05"]
[EventType "team-tourn"]
[EventCountry "GER"]
[SourceTitle "playchess.com"]
[Source "ChessBase"]
[SourceQuality "1"]
[TimeControl "40/5400+30:1800+30"]

1. e4 {[%emt 0:00:00]} e5 {[%emt 0:00:00]} 2. Nf3 {[%emt 0:00:00]} Nc6 {[%emt 0:00:00]} 3. Bb5 {[%emt 0:00:00]} Nf6 {[%emt 0:00:00]} 4. d3 {[%emt 0:00:00]} Bc5 {[%emt 0:00:00]} 5. Bxc6 {[%emt 0:00:00]} dxc6 {[%emt 0:00:00]} 6. O-O {[%emt 0:00:00]} Qe7 {[%emt 0:00:00]} 7. Nbd2 {[%emt 0:00:00]} Bg4 {[%emt 0:00:00]} 8. h3 {[%emt 0:00:00]} Bh5 {[%emt 0:00:00]} 9. a3 {[%emt 0:00:00]} a5 {[%emt 0:00:00]} 10. Nc4 {[%emt 0:00:00]} Nd7 {[%emt 0:00:00]} 11. g4 {[%emt 0:00:00]} Bg6 {[%emt 0:00:00]} 12. b4 {[%emt 0:00:00]} Bb6 {[%emt 0:17:14]} 13. Rb1 {[%emt 0:00:00]} axb4 {[%emt 0:01:26]} 14. axb4 {[%emt 0:00:00]} O-O {[%emt 0:09:24]} 15. Bg5 {[%emt 0:12:29]} f6 {[%emt 0:02:50]} 16. Be3 {[%emt 0:00:41]} Bf7 {[%emt 0:03:35]} 17. Nxb6 {[%emt 0:10:30]} cxb6 {[%emt 0:00:08]} 18. Kh2 {[%emt 0:00:23]} Ra4 {[%emt 0:17:59]} 19. Qd2 {[%emt 0:01:38]} Be6 {[%emt 0:04:35]} 20. Rg1 {[%emt 0:01:20]} b5 {[%emt 0:06:36]} 21. Nh4 {[%emt 0:04:38]} Rf7 {[%emt 0:14:28]} 22. Nf5 {[%emt 0:05:05]} Qf8 {[%emt 0:00:50]} 23. Rg3 {[%emt 0:00:38]} g5 {[%emt 0:01:41]} 24. h4 {[%emt 0:09:00]} Bxf5 {[%emt 0:00:52]} 25. gxf5 {[%emt 0:00:20]} h6 {[%emt 0:00:09]} 26. Rbg1 {[%emt 0:19:00]} Rh7 {[%emt 0:03:37]} 27. c3 {[%emt 0:01:43]} Qf7 {[%emt 0:02:17]} 28. d4 {[%emt 0:11:02]} Ra8 {[%emt 0:00:05]} 29. Kg2 {[%emt 0:02:16]} Kf8 {[%emt 0:03:50]} 30. dxe5 {[%emt 0:03:00]} Nxe5 {[%emt 0:00:11]} 31. Qd6+ {[%emt 0:00:49]} Qe7 {[%emt 0:05:59]} 32. Bc5 {[%emt 0:01:06]} Qxd6 {[%emt 0:00:43]} 33. Bxd6+ {[%emt 0:00:07]} Kf7 {[%emt 0:01:22]} 34. hxg5 {[%emt 0:01:13]} hxg5 {[%emt 0:00:25]} 35. Bxe5 {[%emt 0:00:10]} fxe5 {[%emt 0:00:08]} 36. Rd1 {[%emt 0:00:38]} Rh4 {[%emt 0:02:11]} 37. Rd7+ {[%emt 0:00:31]} Kf6 {[%emt 0:00:41]} 38. Rgd3 {[%emt 0:00:20]} g4 {[%emt 0:01:44]} 39. Kg3 {[%emt 0:11:29]} Rah8 {[%emt 0:01:40]} 40. R3d6+ {[%emt 0:01:50]} Kg5 {[%emt 0:00:02]} 41. Rg6+ {[%emt 0:32:57]} Kh5 {[%emt 0:30:19]} 42. Rdg7 {[%emt 0:00:27]} Rh3+ {[%emt 0:01:13]} 43. Kg2 {[%emt 0:00:39]} Rxc3 {[%emt 0:00:34]} 44. Rg5+ {[%emt 0:00:06]} Kh4 {[%emt 0:00:06]} 45. Rxg4+ {[%emt 0:00:06]} Kh5 {[%emt 0:00:03]} 46. f3 {[%emt 0:01:19]} Rc1 {[%emt 0:01:32]} 47. Rg3 {[%emt 0:01:35]} Rc2+ {[%emt 0:00:24]} 48. Kh3 {[%emt 0:00:10]} 1-0